000 00304nam a22001337a 4500
008 181018b xxu||||| |||| 00| 0 eng d
020 _a1056787
041 _aeng
080 _27th
_a371
100 _a46
101 _aEDU
245 _aMLA Handbook for Writers of Research Paper
_cMLA
942 _2udc
_cBK
999 _c50151
_d50151